<?xml version="1.0" encoding="UTF-8"?>
<record
    xmlns:xsi="http://www.w3.org/2001/XMLSchema-instance"
    xsi:schemaLocation="http://www.loc.gov/MARC21/slim http://www.loc.gov/standards/marcxml/schema/MARC21slim.xsd"
    xmlns="http://www.loc.gov/MARC21/slim">

  <leader>00629nam a22001577a 4500</leader>
  <controlfield tag="008">230502b        |||||||| |||| 00| 0 eng d</controlfield>
  <datafield tag="020" ind1=" " ind2=" ">
    <subfield code="a">0855012013</subfield>
  </datafield>
  <datafield tag="040" ind1=" " ind2=" ">
    <subfield code="a">National Science Library</subfield>
    <subfield code="c">National Science Library</subfield>
  </datafield>
  <datafield tag="080" ind1=" " ind2=" ">
    <subfield code="a">535.375.55(082.2) </subfield>
    <subfield code="b">L8.1-.2</subfield>
  </datafield>
  <datafield tag="245" ind1=" " ind2=" ">
    <subfield code="a">Proceedings of the Sixth International Conference on Raman Spectroscopy </subfield>
    <subfield code="c">/ Bangalore, India, 4-9 September 1978 </subfield>
  </datafield>
  <datafield tag="260" ind1=" " ind2=" ">
    <subfield code="a">London: </subfield>
    <subfield code="b">Heyden, </subfield>
    <subfield code="c">1978</subfield>
  </datafield>
  <datafield tag="500" ind1=" " ind2=" ">
    <subfield code="a">Vol. 1 (Invited lectures); ISBN: 0855012013; xiii, 419p.
Vol. 2 (Contributed papers); ISBN: 0855012021; v, 536p.</subfield>
  </datafield>
  <datafield tag="650" ind1=" " ind2=" ">
    <subfield code="a">Science</subfield>
  </datafield>
  <datafield tag="700" ind1=" " ind2=" ">
    <subfield code="a">Schmid, E D (Ed.)</subfield>
  </datafield>
  <datafield tag="942" ind1=" " ind2=" ">
    <subfield code="2">udc</subfield>
    <subfield code="c">PR</subfield>
  </datafield>
  <datafield tag="999" ind1=" " ind2=" ">
    <subfield code="c">26182</subfield>
    <subfield code="d">26182</subfield>
  </datafield>
  <datafield tag="952" ind1=" " ind2=" ">
    <subfield code="0">0</subfield>
    <subfield code="1">0</subfield>
    <subfield code="2">udc</subfield>
    <subfield code="4">0</subfield>
    <subfield code="6">535375550822_L8112</subfield>
    <subfield code="7">0</subfield>
    <subfield code="9">38407</subfield>
    <subfield code="a">NSL</subfield>
    <subfield code="b">NSL</subfield>
    <subfield code="c">GF/Rk-6/C-7/R-1</subfield>
    <subfield code="d">1979-03-28</subfield>
    <subfield code="h">Vol. 1 (Invited lectures); ISBN: 0855012013; xiii, 419p. </subfield>
    <subfield code="l">0</subfield>
    <subfield code="o">535.375.55(082.2) L8.1.1-.2</subfield>
    <subfield code="p">89076</subfield>
    <subfield code="r">2023-05-02 00:00:00</subfield>
    <subfield code="w">1979-03-28</subfield>
    <subfield code="y">PR</subfield>
  </datafield>
  <datafield tag="952" ind1=" " ind2=" ">
    <subfield code="0">0</subfield>
    <subfield code="1">0</subfield>
    <subfield code="2">udc</subfield>
    <subfield code="4">0</subfield>
    <subfield code="6">535375550822_L8112</subfield>
    <subfield code="7">0</subfield>
    <subfield code="9">38411</subfield>
    <subfield code="a">NSL</subfield>
    <subfield code="b">NSL</subfield>
    <subfield code="c">GF/Rk-6/C-7/R-1</subfield>
    <subfield code="d">1979-03-28</subfield>
    <subfield code="h">Vol. 1 (Invited lectures); ISBN: 0855012013; xiii, 419p. </subfield>
    <subfield code="l">0</subfield>
    <subfield code="o">535.375.55(082.2) L8.1.1-.2 </subfield>
    <subfield code="p">89077</subfield>
    <subfield code="r">2023-05-02 00:00:00</subfield>
    <subfield code="w">1979-03-28</subfield>
    <subfield code="y">PR</subfield>
  </datafield>
</record>
